000
00217nam a22000977a 4500
008
230620b xxu||||| |||| 00| 0 eng d
082
_a
320
_b
MOH
245
_a
THE HOUSE OF PARLIAMENTS
300
_a
120P
942
_2
ddc
_c
BK
999
_c
1501
_d
1501